000 00656nam a2200229 a 4500
001 60008
003 BD-RjUL
005 20211209080808.0
008 131224s1976 enk b 000 0 eng
035 _a(BD-RjUL)60132
040 _aDLC
_cDLC
_dDLC
_dBD-RjUL
_beng
041 _aeng
082 0 0 _a371.926
_bBRP
_223
100 1 _aBrown, Roy I.
_916171
245 1 0 _aPsychology and education of slow learners /
_cRoy I. Brown.
260 _aLondon ;
_aBoston :
_bRoutledge & K. Paul,
300 _axii, 390 p. ;
_c20 cm.
490 0 _aStudents library of education
500 _aIncludes index
650 0 _aSlow learning children.
_916172
942 _2ddc
_cBK
999 _c60008
_d60008